[Event "Henderson Trusts op 42nd"]
[Site "Henderson"]
[Date "2019.06.03"]
[Round "5"]
[White "Browne, Jeremy"]
[Black "Bennett, Hilton Petrie"]
[Result "1/2-1/2"]
[WhiteElo "2096"]
[BlackElo "1908"]
[PlyCount "61"]
[EventDate "2019.06.01"]
[EventType "swiss"]
[EventRounds "6"]
[EventCountry "NZL"]
[SourceTitle "EXT 2020"]
[Source "ChessBase"]
[SourceDate "2019.10.17"]
[SourceVersion "1"]
[SourceVersionDate "2019.10.17"]
[SourceQuality "1"]

1. b3 d6 2. Bb2 e5 3. g3 Nf6 4. Bg2 g6 5. d3 Bg7 6. Nd2 0-0 7. Ngf3 c6 8. 0-0 Re8 9. e4 h6 10. c4 Be6 11. d4 Qd7 12. dxe5 Ng4 13. Qe2 Nxe5 14. Rad1 Na6 15. Nxe5 dxe5 16. f4 Bg4 17. Bf3 Bh3 18. Bg2 Bg4 19. Nf3 Qc7 20. Ba3 Rad8 21. Rxd8 Rxd8 22. h3 Bxf3 23. Rxf3 exf4 24. gxf4 Qd7 25. e5 Qd1+ 26. Qxd1 Rxd1+ 27. Rf1 Rd2 28. Rf2 Rd1+ 29. Rf1 Rd2 30. Rf2 Rd1+ 31. Rf1 1/2-1/2

[Event "Henderson Trusts op 42nd"]
[Site "Henderson"]
[Date "2019.06.02"]
[Round "4"]
[White "Dive, Russell John"]
[Black "Browne, Jeremy"]
[Result "1-0"]
[WhiteElo "2279"]
[BlackElo "2096"]
[PlyCount "99"]
[EventDate "2019.06.01"]
[EventType "swiss"]
[EventRounds "6"]
[EventCountry "NZL"]
[SourceTitle "EXT 2020"]
[Source "ChessBase"]
[SourceDate "2019.10.17"]
[SourceVersion "1"]
[SourceVersionDate "2019.10.17"]
[SourceQuality "1"]

1. Nf3 d6 2. d4 Bg4 3. c4 Nf6 4. Qb3 Qc8 5. h3 Bxf3 6. Qxf3 Nbd7 7. g4 h6 8. h4 c5 9. g5 Ng8 10. e3 Qc6 11. d5 Qb6 12. g6 fxg6 13. Qg2 0-0-0 14. Qxg6 Ngf6 15. h5 Kb8 16. f4 Qb4+ 17. Nc3 Nb6 18. Qc2 e5 19. fxe5 dxe5 20. a3 Qa5 21. Bd2 Nc8 22. 0-0-0 Qc7 23. Be2 Bd6 24. Rdg1 Rhe8 25. Bg4 Bf8 26. Bxc8 Qxc8 27. e4 a6 28. Qd3 Rd6 29. Qe2 Nd7 30. Kb1 Rf6 31. Nd1 Re7 32. Ne3 Ref7 33. Nf5 Nb6 34. Ka2 Qe8 35. Rh3 Nc8 36. Rhg3 Nd6 37. Nxd6 Rxd6 38. Rg6 Rff6 39. Rxf6 Rxf6 40. Bc3 Kc7 41. Qh2 Kd6 42. b4 Rf4 43. Rg6+ Kd7 44. Qh3+ Kd8 45. Kb3 cxb4 46. axb4 Rxe4 47. Re6 Qd7 48. Qf5 Rf4 49. Qxe5 Qc7 50. Re8+ 1-0

[Event "Auckland North Shore op 45th"]
[Site "Auckland"]
[Date "2018.08.25"]
[Round "2"]
[White "Jin, Owen"]
[Black "Browne, Jeremy"]
[Result "0-1"]
[WhiteElo "1608"]
[BlackElo "2086"]
[PlyCount "88"]
[EventDate "2018.08.25"]
[EventType "swiss"]
[EventRounds "5"]
[EventCountry "NZL"]
[SourceTitle "EXT 2021"]
[Source "ChessBase"]
[SourceDate "2020.10.23"]
[SourceVersion "1"]
[SourceVersionDate "2020.10.23"]
[SourceQuality "1"]

1. c4 e5 2. g3 f5 3. Bg2 Nf6 4. Nc3 c6 5. d4 e4 6. f3 d5 7. cxd5 cxd5 8. Qb3 Nc6 9. fxe4 dxe4 10. e3 Nb4 11. Bf1 Qb6 12. Bc4 Bd7 13. Nh3 Rc8 14. Nf4 Rxc4 15. Qxc4 Nc2+ 16. Kd2 Nxa1 17. b3 Bb4 18. Bb2 g5 19. Nfd5 Nxd5 20. Qxd5 Be6 21. Qe5 Nxb3+ 22. axb3 0-0 23. d5 Bd7 24. Ke2 Bd6 25. Qd4 Qxd4 26. exd4 h5 27. Bc1 Rc8 28. Bd2 Kg7 29. Rf1 Rxc3 30. Bxc3 Bb5+ 31. Kf2 Bxf1 32. Kxf1 f4 33. Kf2 Kg6 34. Kg2 Kf5 35. Be1 Kg4 36. h3+ Kf5 37. Bf2 e3 38. Be1 Ke4 39. gxf4 gxf4 40. Bc3 f3+ 41. Kf1 Bg3 42. d6 e2+ 43. Kg1 f2+ 44. Kh1 f1Q# 0-1

[Event "Auckland North Shore op 43rd"]
[Site "Auckland"]
[Date "2016.08.20"]
[Round "1"]
[White "Ha, Huy Minh"]
[Black "Browne, Jeremy"]
[Result "0-1"]
[WhiteElo "1887"]
[BlackElo "2100"]
[PlyCount "86"]
[EventDate "2016.08.20"]
[EventType "swiss"]
[EventRounds "5"]
[EventCountry "NZL"]
[SourceTitle "CBM 174 Extra"]
[Source "ChessBase"]
[SourceDate "2016.10.10"]
[SourceVersion "1"]
[SourceVersionDate "2016.10.10"]
[SourceQuality "1"]

1. c4 c5 2. Nc3 Nf6 3. e4 Nc6 4. g3 g6 5. Bg2 Bg7 6. Nge2 d6 7. 0-0 0-0 8. d3 Bd7 9. a3 Qc8 10. Rb1 Bh3 11. b4 Bxg2 12. Kxg2 Qd7 13. h3 h6 14. b5 Nd4 15. Nxd4 cxd4 16. Ne2 Nh7 17. h4 e5 18. Ng1 f5 19. f3 fxe4 20. fxe4 Rxf1 21. Qxf1 Rf8 22. Qe2 Nf6 23. Bd2 Ng4 24. Rf1 Rxf1 25. Kxf1 a6 26. a4 h5 27. Kg2 Bh6 28. Bxh6 Nxh6 29. Nh3 Ng4 30. Nf2 Ne3+ 31. Kh2 Qd8 32. Nd1 Ng4+ 33. Kg2 Qa5 34. Nb2 Qc3 35. Nd1 Qb3 36. Nb2 Kf7 37. Qd2 Qc3 38. Qe2 Ke7 39. Nd1 Qc1 40. Nb2 Kd7 41. Nd1 Qxd1 42. Qa2 Ne3+ 43. Kh2 Qf1 0-1

[Event "Auckland North Shore op 41st"]
[Site "Auckland"]
[Date "2014.09.06"]
[Round "2"]
[White "Zhang, William Jie Wen"]
[Black "Browne, Jeremy"]
[Result "0-1"]
[WhiteElo "1843"]
[BlackElo "2090"]
[PlyCount "74"]
[EventDate "2014.09.06"]
[EventType "swiss"]
[EventRounds "5"]
[EventCountry "NZL"]
[SourceTitle "CBM 162 Extra"]
[Source "ChessBase"]
[SourceDate "2014.10.17"]
[SourceVersion "1"]
[SourceVersionDate "2014.10.17"]
[SourceQuality "1"]

1. d4 e6 2. c4 f5 3. Nf3 Nf6 4. g3 b6 5. Bg2 Bb7 6. 0-0 Be7 7. b3 c5 8. Ba3 0-0 9. dxc5 bxc5 10. Nc3 Nc6 11. Qd2 Qa5 12. Bb2 Rad8 13. Rfd1 d6 14. Ng5 e5 15. Ne6 e4 16. Nxd8 Qxd8 17. Bh3 Nd4 18. Na4 Ng4 19. Rab1 Bg5 20. Qe1 e3 21. Bxd4 cxd4 22. f4 Nf2 23. Qf1 Bxf4 24. Rxd4 Be5 25. Rd5 Bxd5 26. cxd5 f4 27. Be6+ Kh8 28. Qg2 fxg3 29. hxg3 Qc7 30. Qf1 Qc2 31. Rc1 Qxa2 32. Rc7 h5 33. Rxa7 Nh3+ 34. Qxh3 Qb1+ 35. Kh2 Rf2+ 36. Qg2 Rxg2+ 37. Kxg2 Qe1 0-1

[Event "North Island-ch"]
[Site "Auckland"]
[Date "2012.07.14"]
[Round "8"]
[White "Thornton, Giovanni Antonio"]
[Black "Browne, Jeremy"]
[Result "1/2-1/2"]
[WhiteElo "2175"]
[BlackElo "2099"]
[PlyCount "53"]
[EventDate "2012.07.11"]
[EventType "swiss"]
[EventRounds "8"]
[EventCountry "NZL"]
[SourceTitle "EXT 2018"]
[Source "ChessBase"]
[SourceDate "2017.10.13"]
[SourceVersion "1"]
[SourceVersionDate "2017.10.13"]
[SourceQuality "1"]

1. d4 e6 2. g3 Nf6 3. Bg2 c5 4. c3 d5 5. Nf3 Nc6 6. 0-0 Qb6 7. dxc5 Bxc5 8. b4 Bd6 9. Be3 Qc7 10. Qa4 Bd7 11. Qb3 0-0 12. Na3 a6 13. Rfd1 Rac8 14. Rac1 b5 15. Ne1 Ng4 16. Bd2 Qa7 17. e3 Nce5 18. h3 Nf6 19. e4 Nxe4 20. Bxe4 dxe4 21. Bf4 Nf3+ 22. Nxf3 Bxf4 23. gxf4 exf3 24. c4 bxc4 25. Nxc4 Bb5 26. a4 Bxc4 27. Rxc4 1/2-1/2

[Event "North Island-ch"]
[Site "Auckland"]
[Date "2012.07.13"]
[Round "5"]
[White "Smith, Robert Wayne"]
[Black "Browne, Jeremy"]
[Result "1-0"]
[WhiteElo "2218"]
[BlackElo "2099"]
[PlyCount "117"]
[EventDate "2012.07.11"]
[EventType "swiss"]
[EventRounds "8"]
[EventCountry "NZL"]
[SourceTitle "EXT 2018"]
[Source "ChessBase"]
[SourceDate "2017.10.13"]
[SourceVersion "1"]
[SourceVersionDate "2017.10.13"]
[SourceQuality "1"]

1. e4 c6 2. d3 d5 3. Nd2 e5 4. Ngf3 Bg4 5. h3 Bxf3 6. Qxf3 Nf6 7. g3 Nbd7 8. Bg2 d4 9. 0-0 Qc7 10. c3 c5 11. a4 Bd6 12. Nc4 0-0 13. Bd2 Nb6 14. Nxd6 Qxd6 15. c4 Nbd7 16. Qe2 Rfe8 17. f4 Kf8 18. a5 Rab8 19. f5 b5 20. axb6 Qxb6 21. Ra2 Rb7 22. Rfa1 Ra8 23. Bf3 Nb8 24. Qd1 Qb3 25. Qb1 Nc6 26. Bd1 Qb6 27. Ra6 Qc7 28. Ba4 Rb6 29. Bxc6 Rxc6 30. b4 Rxa6 31. Rxa6 Qb7 32. b5 Nd7 33. Qa2 Nb8 34. Ra5 Qb6 35. Kg2 Ke7 36. g4 h6 37. Kf3 Kd7 38. h4 Kc8 39. Be1 Kb7 40. Bg3 f6 41. Qd2 Qd6 42. Be1 Nd7 43. Ra6 Nb6 44. Qa2 Qe7 45. Ba5 Nc8 46. Qa3 Qf8 47. Rc6 Nb6 48. Qxc5 Qxc5 49. Rxc5 Rd8 50. Rc6 Rd7 51. Bxb6 axb6 52. g5 hxg5 53. hxg5 Rf7 54. Kg4 Rf8 55. Re6 fxg5 56. Re7+ Kc8 57. Rxg7 Rh8 58. f6 Kd8 59. f7 1-0

[Event "North Island-ch"]
[Site "Auckland"]
[Date "2012.07.11"]
[Round "2"]
[White "Browne, Jeremy"]
[Black "Duneas, John"]
[Result "1-0"]
[WhiteElo "2099"]
[BlackElo "2092"]
[PlyCount "61"]
[EventDate "2012.07.11"]
[EventType "swiss"]
[EventRounds "8"]
[EventCountry "NZL"]
[SourceTitle "EXT 2018"]
[Source "ChessBase"]
[SourceDate "2017.10.13"]
[SourceVersion "1"]
[SourceVersionDate "2017.10.13"]
[SourceQuality "1"]

1. Nf3 d5 2. d4 Nf6 3. c4 c6 4. Nc3 dxc4 5. a4 Bf5 6. Bg5 Ne4 7. Nxe4 Bxe4 8. Nd2 Qxd4 9. e3 Qd5 10. Nxe4 Qxe4 11. Rc1 Qe5 12. Qg4 e6 13. Bxc4 Bb4+ 14. Kf1 Qxb2 15. Rd1 0-0 16. g3 a5 17. Kg2 Na6 18. Rd4 Kh8 19. Qh5 Bc3 20. Bf6 Qc2 21. Bxg7+ Kxg7 22. Bd3 Bxd4 23. Bxc2 Bc5 24. Qg5+ Kh8 25. Qf6+ Kg8 26. Rd1 Bb6 27. Qh6 f5 28. Rd7 Rf7 29. Qxe6 Raf8 30. Rxf7 Rxf7 31. Bb3 1-0

[Event "North Shore op-A"]
[Site "Auckland"]
[Date "2010.10.10"]
[Round "5"]
[White "Watson, Bruce R"]
[Black "Browne, Jeremy"]
[Result "1-0"]
[WhiteElo "2262"]
[BlackElo "2092"]
[PlyCount "95"]
[EventDate "2010.10.09"]
[EventType "swiss"]
[EventRounds "5"]
[EventCountry "NZL"]
[SourceTitle "EXT 2018"]
[Source "ChessBase"]
[SourceDate "2017.10.13"]
[SourceVersion "1"]
[SourceVersionDate "2017.10.13"]
[SourceQuality "1"]

1. c4 e6 2. Nf3 f5 3. g3 Nf6 4. Bg2 c5 5. 0-0 Be7 6. Nc3 Nc6 7. d4 cxd4 8. Nxd4 Qb6 9. Ndb5 0-0 10. Bf4 a6 11. Bc7 Qc5 12. Na4 Qxc4 13. Nd6 Bxd6 14. Bxd6 Qb5 15. Rc1 Qa5 16. Bxf8 Kxf8 17. Qd6+ Kf7 18. Nc5 Qxa2 19. e4 fxe4 20. Nxe4 Nxe4 21. Bxe4 Qxb2 22. Bxc6 bxc6 23. Rc4 e5 24. Re1 Qb8 25. Qxe5 Qxe5 26. Rxe5 d6 27. Rf4+ Kg6 28. Re7 Rb8 29. Rff7 Bh3 30. Rxg7+ Kf6 31. Rgf7+ Kg6 32. Rb7 Re8 33. Rfe7 Rxe7 34. Rxe7 c5 35. Ra7 Bc8 36. Rc7 Be6 37. Rc6 Kf5 38. Rxd6 Ke5 39. Rxa6 Bc4 40. f4+ Kd4 41. Ra4 Kd3 42. Rxc4 Kxc4 43. f5 Kd5 44. Kf2 h5 45. h3 h4 46. g4 Ke5 47. Ke3 c4 48. Kd2 1-0

[Event "North Shore op-A"]
[Site "Auckland"]
[Date "2010.10.09"]
[Round "2"]
[White "Browne, Jeremy"]
[Black "Gao, Judy"]
[Result "1-0"]
[WhiteElo "2092"]
[BlackElo "1903"]
[PlyCount "59"]
[EventDate "2010.10.09"]
[EventType "swiss"]
[EventRounds "5"]
[EventCountry "NZL"]
[SourceTitle "EXT 2018"]
[Source "ChessBase"]
[SourceDate "2017.10.13"]
[SourceVersion "1"]
[SourceVersionDate "2017.10.13"]
[SourceQuality "1"]

1. b3 d5 2. Bb2 Bf5 3. Nf3 e6 4. g3 Nf6 5. Bg2 Bc5 6. 0-0 Nbd7 7. c4 c6 8. d4 Bd6 9. Nc3 0-0 10. Nh4 Bg4 11. Qd3 g5 12. Nf3 Bf5 13. Qd2 h6 14. Rfe1 Re8 15. Rad1 Kh7 16. h4 Ne4 17. Qe3 g4 18. Nd2 Nef6 19. Bc1 Rh8 20. Nf1 Kg7 21. Qd2 Ne4 22. Nxe4 Bxe4 23. Bxe4 dxe4 24. Ne3 f5 25. d5 Rf8 26. dxe6 Nc5 27. Bb2+ Kh7 28. Qxd6 Qxd6 29. Rxd6 Rae8 30. Red1 1-0

[Event "North Shore op"]
[Site "Auckland"]
[Date "2009.08.29"]
[Round "2"]
[White "Shen, Daniel"]
[Black "Browne, Jeremy"]
[Result "1-0"]
[WhiteElo "2125"]
[BlackElo "2082"]
[PlyCount "107"]
[EventDate "2009.08.29"]
[EventType "swiss"]
[EventRounds "5"]
[EventCountry "NZL"]
[SourceTitle "EXT 2018"]
[Source "ChessBase"]
[SourceDate "2017.10.13"]
[SourceVersion "1"]
[SourceVersionDate "2017.10.13"]
[SourceQuality "1"]

1. e4 e6 2. d4 d5 3. Nc3 Bb4 4. exd5 exd5 5. a3 Ba5 6. Bd3 Nc6 7. Be3 Nge7 8. Qf3 0-0 9. Nge2 Qd6 10. 0-0 a6 11. Na4 b5 12. Nc5 Bb6 13. b4 Bxc5 14. bxc5 Qd7 15. Nf4 Rd8 16. h3 Nf5 17. c3 Nxe3 18. fxe3 Ne7 19. Ra2 c6 20. Raf2 Ra7 21. e4 dxe4 22. Bxe4 Nd5 23. Bxd5 cxd5 24. Nd3 f6 25. Re1 Rc7 26. Qg3 Rf8 27. Nf4 Ra7 28. Ne6 Re8 29. Rfe2 Re7 30. Nf4 Rxe2 31. Rxe2 Qf7 32. Qf3 Rd7 33. Qe3 g5 34. Qe8+ Qf8 35. Nh5 Rf7 36. Qc6 Bb7 37. Qe6 f5 38. c6 Bc8 39. Qxd5 h6 40. Nf6+ Kg7 41. Re8 Rxf6 42. Rxf8 Rxf8 43. c7 f4 44. Kf2 Re8 45. Qd8 Kf7 46. d5 g4 47. hxg4 Bxg4 48. d6 Re2+ 49. Kf1 Rd2 50. Qe7+ Kg6 51. Qe4+ Kg5 52. Qe5+ Kh4 53. Qxf4 Rd5 54. c8Q 1-0